Antioxidanty

Bibliographic Details
Main Author: Phillips, Bill (Author)
Format: Article
Language:Slovak
PhysicalDescription:Obr. 1
Subjects:

MARC

LEADER 00000nab a2200000 a 4500
001 vtls000640619
003 SK-MaSNL
005 20260302200619.0
008 160401c1997 xo 0 slo
015 |a SNBRB19rr/mm-uuuuu 
035 |a CL0640758 
040 |a SNKBUCL  |b slo  |c SNKBUCL  |e AACR2 
041 0 |a slo 
044 |a xo  |c SK 
080 |a 796.420.015:612.015.6  |2 1981 
080 |a 612.015.6  |2 1981 
100 1 |a Phillips, Bill  |4 aut  |9 919748 
245 1 0 |a Antioxidanty  |c Bill Phillips 
300 |b Obr. 1 
650 0 7 |a kulturistika  |2 snkbucl  |9 3254 
650 0 7 |a výkon športový  |2 snkbucl  |9 902071 
650 0 7 |a antioxidanty  |2 snkbucl  |9 13472 
655 7 |a články z novín a časopisov  |2 snkbucl  |9 267496 
773 0 |t Kulturistika a fitness  |g Roč. 7, č. 11 (1997), s. 21 
850 |a Slovenská národná knižnica v Martine  |a MTA001 
852 |a SNK  |b KIS3GCP 
958 |a ME 
958 |a RK 
958 |a RBX 
999 |c 1457549  |d 1459479